Central Library and Information Centre
Sibsagar Girls' College, Sivasagar : Assam

SAHITYA BIDYA PARIKRAMA (Record no. 33)

MARC details
000 -LEADER
fixed length control field 00386cam a2200169ua 4500
008 - FIXED-LENGTH DATA ELEMENTS--GENERAL INFORMATION
fixed length control field 150302n II |||gr||||Z||||||asm
040 ## - CATALOGING SOURCE
Original cataloging agency MAIN
041 ## - LANGUAGE CODE
-- English
082 ## - DEWEY DECIMAL CLASSIFICATION NUMBER
Classification number 891.451 SHA
100 ## - MAIN ENTRY--PERSONAL NAME
Personal name SHARMA, TIRTHANATH.
245 ## - TITLE STATEMENT
Title SAHITYA BIDYA PARIKRAMA
260 ## - PUBLICATION, DISTRIBUTION, ETC.
Place of publication, distribution, etc. GUWAHATI
Name of publisher, distributor, etc. BANI PRAKASH
300 ## - PHYSICAL DESCRIPTION
Extent 194:
Dimensions 20CM.
942 ## - ADDED ENTRY ELEMENTS (KOHA)
Koha item type Books
653 ## - INDEX TERM--UNCONTROLLED
Uncontrolled term ASSAMESE LITERATURE
Holdings
Withdrawn status Lost status Damaged status Not for loan Collection code Home library Current library Shelving location Date acquired Full call number Barcode Date last seen Copy number Price effective from Koha item type
    Damaged   TBASM Central Library and Information Centre Sibsagar Girls College Central Library and Information Centre Sibsagar Girls College   19.04.1967 891.451 SHA 00041 27.02.2020 1 27.02.2020 Books


Sibsagar Girl's College © 2020. All rights reserved.
Powered by Koha.
Maintained by Abhijit Borpuzari.